| 000 | 00382nam a2200145Ia 4500 | ||
|---|---|---|---|
| 008 | 210719s1978 xx 000 0 und d | ||
| 041 | _aeng | ||
| 082 | _a320.954 SHED | ||
| 100 | _aSHEKHAR (Chandra) | ||
| 245 | _aDynamics of social change. | ||
| 260 |
_aBombay _bPopular Prakashan _c1978 |
||
| 300 |
_ali,182 _bPB |
||
| 365 |
_b40 _cRs |
||
| 650 | _aPolitical Situation & Condition | ||
| 999 |
_c212712 _d212712 |
||